00659cam a22002174a 45000010009000000050017000090080041000260100017000670200027000840400018001110420008001290500022001371000024001592450069001832500012002522600048002643000040003125040053003526500016004057000020004211200371320170130104506.0000510s2001 maua b 001 0 eng  a 00104438  a0618023356 (hardcover) aDLCcDLCdDLC apcc00aHF5635b.N44 20011 aNeedles, Belverd E.10aFinancial accounting /cBelverd E. Needles, Jr., Marian Powers. a7th ed. aBoston :bHoughton Mifflin Company,cc2001. axxxv, 825 p. :bcol. ill. ;c29 cm. aIncludes bibliographical references and indexes. 0aAccounting.1 aPowers, Marian.